| 000 | 00334pam a2200145 a 4500 | ||
|---|---|---|---|
| 020 | _c | ||
| 041 | _h | ||
| 082 |
_a658.80999999999995 _bBLA |
||
| 100 | _aBlake,T. | ||
| 245 |
_aChampionship Selling _hTextual Documents |
||
| 260 |
_aDelhi _bWiley Eastern Limited _c2006 |
||
| 300 | _aXII/249 | ||
| 700 | _aHodson,T. | ||
| 930 | _a9319 | ||
| 999 |
_c116144 _d116144 |
||